<?xml version="1.0" encoding="UTF-8"?>
<record
    xmlns:xsi="http://www.w3.org/2001/XMLSchema-instance"
    xsi:schemaLocation="http://www.loc.gov/MARC21/slim http://www.loc.gov/standards/marcxml/schema/MARC21slim.xsd"
    xmlns="http://www.loc.gov/MARC21/slim">

  <leader>01851nam a22002417a 4500</leader>
  <controlfield tag="001">9797</controlfield>
  <controlfield tag="003">FISKH</controlfield>
  <controlfield tag="005">20260225161416.0</controlfield>
  <controlfield tag="008">260225b        cb ||||| |||| 00| 0 eng d</controlfield>
  <datafield tag="020" ind1=" " ind2=" ">
    <subfield code="a">9781400041879</subfield>
  </datafield>
  <datafield tag="040" ind1=" " ind2=" ">
    <subfield code="a">FISKH</subfield>
    <subfield code="b">eng</subfield>
    <subfield code="c">FISKH</subfield>
    <subfield code="d">FISKH</subfield>
  </datafield>
  <datafield tag="050" ind1=" " ind2=" ">
    <subfield code="a">PR5551</subfield>
  </datafield>
  <datafield tag="082" ind1=" " ind2=" ">
    <subfield code="a">821.8</subfield>
  </datafield>
  <datafield tag="100" ind1=" " ind2=" ">
    <subfield code="a">Tennyson , Lord Alfred </subfield>
  </datafield>
  <datafield tag="245" ind1=" " ind2=" ">
    <subfield code="a">Tennyson :</subfield>
    <subfield code="b">Poems : Everyman's Library Pocket Poets / </subfield>
    <subfield code="c">By Lord Alfred Tennyson</subfield>
  </datafield>
  <datafield tag="260" ind1=" " ind2=" ">
    <subfield code="a">New York : </subfield>
    <subfield code="b">Everyman&#x2019;s Library Pocket Poets ,</subfield>
    <subfield code="c">2004.</subfield>
  </datafield>
  <datafield tag="300" ind1=" " ind2=" ">
    <subfield code="a">255 pages : </subfield>
    <subfield code="b">illustrations ; </subfield>
    <subfield code="c">16 cm . </subfield>
  </datafield>
  <datafield tag="520" ind1=" " ind2=" ">
    <subfield code="a">Fiction. Poetry. HTML:Alfred, Lord Tennyson was a more complex writer than his status as Queen Victoria&#xFFFD; s favorite poet might suggest. Though capable of rendering rapture and delight in the most exquisite verse, in another mode Tennyson is brother in spirit to Poe and Baudelaire, the author of dark, passionate reveries. And though he treasured poetic tradition, his work nevertheless engaged directly with the great issues of his time, from industrialization and the crisis of faith to scientific progress and women&#x92;s rights. A master of the short, intense lyric, he can also be sardonic, humorous, voluptuous, earthy, and satirical.
This collection includes, of course, such famous poems as &#x93;The Lady of Shalott&#x94; and &#x93;The Charge of the Light Brigade.&#x94; There are extracts from all the major masterpieces&#x97;&#x93;Idylls of the King,&#x94; &#x93;The Princess,&#x94; &#x93;In Memoriam&#x94;&#x97;and several complete long poems, such as &#x93;Ulysses&#x94; and &#x93;Demeter and Persephone,&#x94; that demonstrate his narrative grace. Finally, there are many of the short lyrical poems, such as &#x93;Come into the Garden, Maud&#x94; and &#x93;Break, Break, Break,&#x94; for which he is justly celebrated.</subfield>
  </datafield>
  <datafield tag="650" ind1=" " ind2=" ">
    <subfield code="a">Poetry</subfield>
    <subfield code="v">Fiction</subfield>
  </datafield>
  <datafield tag="700" ind1=" " ind2=" ">
    <subfield code="a">Willberg , Peter B</subfield>
    <subfield code="e">Typographer </subfield>
  </datafield>
  <datafield tag="942" ind1=" " ind2=" ">
    <subfield code="2">ddc</subfield>
    <subfield code="c">BK</subfield>
    <subfield code="n">0</subfield>
  </datafield>
  <datafield tag="999" ind1=" " ind2=" ">
    <subfield code="c">9797</subfield>
    <subfield code="d">9797</subfield>
  </datafield>
  <datafield tag="952" ind1=" " ind2=" ">
    <subfield code="0">0</subfield>
    <subfield code="1">0</subfield>
    <subfield code="2">ddc</subfield>
    <subfield code="4">0</subfield>
    <subfield code="7">0</subfield>
    <subfield code="8">FIC</subfield>
    <subfield code="a">002</subfield>
    <subfield code="b">002</subfield>
    <subfield code="c">SBS</subfield>
    <subfield code="d">2026-02-25</subfield>
    <subfield code="l">0</subfield>
    <subfield code="o">TEN 821.8 PR5551</subfield>
    <subfield code="p">2026-0270</subfield>
    <subfield code="r">2026-02-25 16:14:12</subfield>
    <subfield code="w">2026-02-25</subfield>
    <subfield code="y">BK</subfield>
  </datafield>
</record>
